| 000 | 00719nam a2200205 a 4500 | ||
|---|---|---|---|
| 005 | 20240925064231.0 | ||
| 008 | 991125s1969 es 000 0 spa u | ||
| 035 | _aUPN01000041317 | ||
| 049 | _aCG | ||
| 050 | 4 |
_aLB1105 _bP3.2a no.17 |
|
| 100 | 1 |
_aAmado, Georges, _d1917-1988 _930789 |
|
| 245 | 1 | 4 |
_aLos niños difíciles : _bsu observación y readaptación / _cGeorges Amado ; tr. Ramón Gil Novales. |
| 260 |
_aBarcelona, Esp. : _bL. Miracle, _c1969. |
||
| 300 | _a204 p. | ||
| 440 | 0 |
_aPaideia. _pBiblioteca práctica de pedagogía, psicología y psicopatología de la infancia ; _v17 |
|
| 650 | 4 |
_aNiño, Estudio del _9221 |
|
| 650 | 4 |
_aPruebas mentales _915534 |
|
| 650 | 4 |
_aPsicopedagogía _95085 |
|
| 905 | _aLibro | ||
| 999 |
_c41317 _d41317 |
||